|
|
|
|
| LEADER |
00948nam a2200229 a 4500 |
| 001 |
4820245 |
| 008 |
100110s1990 coua b 000 0 eng d |
| 010 |
|
|
|a 89077272
|
| 020 |
|
|
|a 0813377870 (alk. paper)
|
| 040 |
|
|
|a DLC
|c DLC
|d DLC
|d BD-DhAAL
|
| 082 |
0 |
0 |
|a 306.4/61
|2 20
|
| 245 |
0 |
0 |
|a Births and power :
|b social change and the politics of reproduction /
|c edited by W. Penn Handwerker.
|
| 260 |
|
|
|a Boulder :
|b Westview Press,
|c 1990.
|
| 300 |
|
|
|a v, 227 p. :
|b ill. ;
|c 23 cm.
|
| 504 |
|
|
|a Includes bibliographical references.
|
| 541 |
1 |
|
|e 00004888
|
| 650 |
|
0 |
|a Human reproduction
|x Social aspects.
|
| 650 |
|
0 |
|a Human reproduction
|x Political aspects.
|
| 700 |
1 |
|
|a Handwerker, W. Penn.
|
| 852 |
4 |
|
|a Ayesha Abed Library
|j General shelf
|
| 999 |
|
|
|c 6836
|d 6836
|
| 952 |
|
|
|0 0
|1 0
|2 ddc
|4 0
|6 306_461000000000000_BIR_1990
|7 0
|9 7046
|a BRACUL
|b BRACUL
|c GEN
|d 2010-01-11
|g 0.00
|l 1
|o 306.461 BIR
|p 3010004888
|r 2024-10-28
|s 2024-07-03
|t 1
|w 2010-01-11
|y BK
|z Not price in Register
|